| 000 | 00784nam a22002417a 4500 | ||
|---|---|---|---|
| 005 | 20170124110207.0 | ||
| 010 | _aA-934386 | ||
| 020 |
_c400.00 _a8173870721 |
||
| 035 | _aA-934386 | ||
| 037 | _bCen Lib/Ret | ||
| 040 |
_aDPL _bEN |
||
| 082 |
_a307.772 _bSOS |
||
| 245 |
_aSustainable development intribal and backward areas / _cedited by Anju Kohli, Farida Shah [and] A.P. Chowdhary |
||
| 260 |
_aNew Delhi _bIndus publishing company _c1997 |
||
| 270 |
_aFS-5, Tarore garden _bNew Delhi _e110027 |
||
| 300 |
_a227p. _c22cm(Hb) |
||
| 650 |
_aSustainable development _97813 |
||
| 650 |
_aNatural resources _937629 |
||
| 700 |
_aKohli, Anju _936547 |
||
| 700 |
_aShah, Farida _937620 |
||
| 700 |
_aChowdhary, A.P. _937621 |
||
| 942 |
_2ddc _cEN _h307.772 _mSUS |
||
| 999 |
_c133328 _d133328 |
||